| 000 | 00399nam a2200169Ia 4500 | ||
|---|---|---|---|
| 005 | 20251020182533.0 | ||
| 008 | 200515s9999 xx 000 0 und d | ||
| 082 | _a712/I59 | ||
| 245 | 0 | _aEstructuras resistentes a desastres | |
| 260 | _aLima | ||
| 260 | _c1999 | ||
| 300 | _aThe Institution of Civil Engineers | ||
| 500 | _a1 ejemplar | ||
| 650 | _aESTRUCTURAS | ||
| 650 | _aLIB | ||
| 942 | _cLIB | ||
| 999 |
_c2142 _d2142 |
||